00487nam a2200181 a 4500001001300000003000900013005001700022008004100039020000800080082001500088100002200103245007600125260002500201300000900226500003500235505001300270700002200283nice12345678IN_TiNIC20260116015043.0050524s1990 dela grp 000 0 eng  ac000a005.1bCAR aCarpenter, Thomas aChristian Publisher in Computer Age, Marketing and Desk Top Publishingh aDelhi bISPCK c1990 a108p aincludes index and biblioraphy2 aAppendix1 aCarpenter, Thomas